Crime and society / (Record no. 56268)

MARC details
000 -LEADER
fixed length control field 00908nam a22002657a 4500
005 - DATE AND TIME OF LATEST TRANSACTION
control field 2011090505575.0
008 - FIXED-LENGTH DATA ELEMENTS--GENERAL INFORMATION
fixed length control field 110905t xxu||||| |||| 00| 0 eng d
010 ## - LCCN (DPL NO)
LC control number ENG-103610
020 ## - INTERNATIONAL STANDARD BOOK NUMBER
International Standard Book Number 9789381385166
Terms of availability 650.00
035 ## - SYSTEM CONTROL NUMBER
System control number EN-87143
037 ## - SOURCE OF ACQUISITION
Source of stock number/acquisition DBAD/PUB
040 ## - CATALOGING SOURCE
Original cataloging agency DPL
Language of cataloging Eng
082 ## - DEWEY DECIMAL CLASSIFICATION NUMBER
Classification number 364.973
100 ## - MAIN ENTRY--PERSONAL NAME
9 (RLIN) 34250
245 ## - TITLE STATEMENT
Title Crime and society /
Statement of responsibility, etc edited by Nishant Singh
260 ## - PUBLICATION, DISTRIBUTION, ETC. (IMPRINT)
Place of publication, distribution, etc Delhi
Name of publisher, distributor, etc Ancient Publishing House
Date of publication, distribution, etc 2011
270 ## - ADDRESS
Address V-75, Street No. 15-A, Vijay Park, Near C-11, Shiv Sadhana Mandir, Yamuna Vihar
City Delhi
Postal code 110053
300 ## - PHYSICAL DESCRIPTION
Extent vi,271p.
Dimensions 22cm (Hb)
500 ## - GENERAL NOTE
General note Includes index
610 ## - SUBJECT ADDED ENTRY--CORPORATE NAME
9 (RLIN) 34253
650 ## - SUBJECT ADDED ENTRY--TOPICAL TERM
9 (RLIN) 34251
700 ## - ADDED ENTRY--PERSONAL NAME
9 (RLIN) 34258
Personal name Nishant Singh
942 ## - ADDED ENTRY ELEMENTS (KOHA)
Source of classification or shelving scheme Dewey Decimal Classification
Item type English Books
Classification part 364.973
Call number suffix CRI
Holdings
Withdrawn status Lost status Source of classification or shelving scheme Damaged status Not for loan Collection code Home library Current library Date acquired Source of acquisition Cost, normal purchase price Total Checkouts Full call number Barcode Date last seen Copy number Cost, replacement price Koha item type
    Dewey Decimal Classification   Not For Loan Non-fiction D.B.Act.Division D.B.Act.Division 05/09/2011 DBAD/PUB 650.00   364.973 CRI EN-87143 05/09/2011 1 650.00 English Books

© Delhi Public Library
Hit Counter
free hit counter